Thâm nhập thị trường EU : Những điều cần biết
שמור ב:
| מחבר ראשי: | |
|---|---|
| פורמט: | ספר |
| שפה: | Undetermined |
| יצא לאור: |
Hà Nội
Thống Kê
2004
|
| נושאים: | |
| תגים: |
הוספת תג
אין תגיות, היה/י הראשונ/ה לתייג את הרשומה!
|
| Thư viện lưu trữ: | Trung tâm Học liệu Trường Đại học Cần Thơ |
|---|
| LEADER | 00661nam a2200205Ia 4500 | ||
|---|---|---|---|
| 001 | CTU_74023 | ||
| 008 | 210402s9999 xx 000 0 und d | ||
| 020 | |b 45000 | ||
| 082 | |a 382.3 | ||
| 082 | |b V121 | ||
| 100 | |a Đoàn, Thị Hồng Vân | ||
| 245 | 0 | |a Thâm nhập thị trường EU : | |
| 245 | 0 | |b Những điều cần biết | |
| 245 | 0 | |c Đoàn Thị Hồng Vân, Andreas Backer, Kim Ngọc Hồng Vân | |
| 260 | |a Hà Nội | ||
| 260 | |b Thống Kê | ||
| 260 | |c 2004 | ||
| 650 | |a Foreign trade,International economic relations | ||
| 904 | |i Nguyên | ||
| 980 | |a Trung tâm Học liệu Trường Đại học Cần Thơ | ||